Science - Biology | 0 | 6 | 0 | 0 | 60 | 69 | 93.83 | 0 | 1 |
Science - Physics | 0 | 5 | 0 | 0 | 50 | 75 | 91.40 | 0 | 0 |
Science - Chemistry | 0 | 5 | 0 | 0 | 50 | 85 | 108.60 | 0 | 0 |
RMP - World Mythology | 0 | 4 | 0 | 0 | 40 | 71 | 100.25 | 0 | 0 |
Literature - World and Miscellaneous | 0 | 3 | 0 | 0 | 30 | 74 | 81.67 | 0 | 0 |
Literature - British | 1 | 1 | 0 | 0 | 25 | 48 | 64.00 | 0 | 1 |
RMP - Greco-Roman Mythology | 1 | 1 | 0 | 0 | 25 | 70 | 70.50 | 0 | 1 |
Science - Astronomy | 0 | 2 | 0 | 0 | 20 | 109 | 113.00 | 0 | 0 |
Social Science - Psychology | 1 | 0 | 0 | 0 | 15 | 54 | 54.00 | 0 | 0 |
History - World | 1 | 0 | 0 | 0 | 15 | 63 | 63.00 | 0 | 1 |
RMP - East Asian Religion | 0 | 1 | 0 | 0 | 10 | 92 | 92.00 | 0 | 0 |
RMP - Christian Practice | 0 | 1 | 0 | 0 | 10 | 121 | 121.00 | 0 | 0 |
Literature - American | 0 | 1 | 0 | 0 | 10 | 91 | 91.00 | 0 | 0 |
Social Science - Linguistics | 0 | 1 | 0 | 0 | 10 | 73 | 73.00 | 0 | 0 |
Geography - World | 0 | 1 | 0 | 0 | 10 | 92 | 92.00 | 0 | 0 |
Science - Earth | 0 | 0 | 0 | 0 | 0 | | 0.00 | 0 | 0 |